adoption of modern cultivation technologies of wheat by the farmers of a selected area under taraganj upazila in rangpur district / (Record no. 16056)

MARC details
000 -LEADER
fixed length control field 01059nam a22002657a 4500
003 - CONTROL NUMBER IDENTIFIER
control field BD-DhSAU
005 - DATE AND TIME OF LATEST TRANSACTION
control field 20220926162642.0
008 - FIXED-LENGTH DATA ELEMENTS--GENERAL INFORMATION
fixed length control field 150613b2021 bg a|||| m||| 00| 0 eng d
040 ## - CATALOGING SOURCE
Original cataloging agency BD-DhSAU
082 ## - DEWEY DECIMAL CLASSIFICATION NUMBER
Edition number 22
Classification number 630.715
Item number Ak47
100 ## - MAIN ENTRY--PERSONAL NAME
Personal name AKHTER, SILVY
Relator term Registration # 19-10017
245 ## - TITLE STATEMENT
Title adoption of modern cultivation technologies of wheat by the farmers of a selected area under taraganj upazila in rangpur district /
Remainder of title MS thesis
260 ## - PUBLICATION, DISTRIBUTION, ETC. (IMPRINT)
Place of publication, distribution, etc. Sher-e-Bangla Agricultural University :
Name of publisher, distributor, etc. Department of Agricultural extension and information system,
Date of publication, distribution, etc. June, 2021
300 ## - PHYSICAL DESCRIPTION
Extent vii, 71p.:
Other physical details ill. , ;
Dimensions 30 cm.
504 ## - BIBLIOGRAPHY, ETC. NOTE
Bibliography, etc Includes bibliographical reference.
590 ## - Name of Cataloguer
Name of Cataloger Nazmul
650 ## - SUBJECT ADDED ENTRY--TOPICAL TERM
Topical term or geographic name as entry element modern cultivation technologies
650 ## - SUBJECT ADDED ENTRY--TOPICAL TERM
Topical term or geographic name as entry element wheat
651 ## - SUBJECT ADDED ENTRY--GEOGRAPHIC NAME
Geographic name taraganj upazila
654 ## - SUBJECT ADDED ENTRY--FACETED TOPICAL TERM
Source of term rangpur district
700 ## - ADDED ENTRY--PERSONAL NAME
Personal name Prof. Md. Abul Bashar
Relator term Superviser
700 ## - ADDED ENTRY--PERSONAL NAME
Personal name Prof. Md. Mahbubul Alam, PhD
Relator term Co-superviser
856 ## - ELECTRONIC LOCATION AND ACCESS
Uniform Resource Identifier <a href="http://archive.saulibrary.edu.bd:8080/xmlui/handle/123456789/4168">http://archive.saulibrary.edu.bd:8080/xmlui/handle/123456789/4168</a>
942 ## - ADDED ENTRY ELEMENTS (KOHA)
Source of classification or shelving scheme Dewey Decimal Classification
Koha item type MS Level Thesis
Holdings
Withdrawn status Lost status Source of classification or shelving scheme Damaged status Not for loan Collection code Home library Branch Name Date acquired Total Checkouts Full call number Barcode Date last seen Price effective from Koha item type
    Dewey Decimal Classification   Not For Loan Reference SAU Library SAU Library 26/09/2022   630.715 Ak47 43709 26/09/2022 26/09/2022 MS Level Thesis